MARC

LEADER 00000nam0a2200000 4500
001 257689
005 20231101233228.0
035 |a (RuTPU)RU\TPU\book\280506 
090 |a 257689 
100 |a 20140418d1988 k y0rusy50 ca 
101 0 |a rus 
102 |a RU 
105 |a a z 001zy 
200 1 |a Голубое ожерелье Кавказа  |f Ю. В. Ефремов 
210 |a Ленинград  |c Гидрометеоиздат  |d 1988 
215 |a 160 с.  |c ил. 
320 |a Библиогр.: с. 153. 
320 |a Указатель географических названий: с. 154-157. 
606 1 |a Озера  |2 stltpush  |3 (RuTPU)RU\TPU\subj\46817  |9 65911 
610 1 |a гидрогеология 
610 1 |a Кавказ 
610 1 |a происхождение 
610 1 |a ледники 
610 1 |a озерные воды 
610 1 |a озерные осадки 
610 1 |a озерные отложения 
610 1 |a рельеф 
675 |a 556.55  |v 3 
700 1 |a Ефремов  |b Ю. В.  |g Юрий Васильевич 
801 1 |a RU  |b 63413507  |c 20140418 
801 2 |a RU  |b 63413507  |c 20141003  |g RCR 
942 |c BK